Responses for show #6846 - Monday, May 26, 2014

Julia Collins game 16.

Contestants

Steve Martinez, a U.S. Air Force logistics readiness officer from Fairfax, Virginia

Simone Chavoor, a media consultant from Oakland, California

Julia Collins, a supply chain professional from Kenilworth, Illinois (whose 15-day cash winnings total $314,900)

Jeopardy! Round responses

WHAT'S COOKING?
IMPRESSIVE SPORTS RECORDS
AUTHORS' RHYME TIME
BIG STUFF
"BOARD" WALK
EMPIRE
    $200 1
marinara

Julia
    $200 26
Brett Favre

Steve
    $200 6
Potter's otters

Julia
    $200 19
Jupiter

Steve
    $200 16
a surfboard

Simone
    $200 11
the Roman Empire

Julia
    $400 2
meat loaf

Steve
    $400 27
a hat trick

Julia
    $400 7
Roth's broths

Simone
    $400 20
Saudi Arabia

Triple Stumper
    $400 17
a dart board

Steve
    $400 12
the British Empire

Steve
    $600 3
mole

Julia
    $600 28
Wilt Chamberlain

Steve
    $600 8
Eco's geckos

Julia
    $600 21
the Colosseum

Julia
    $600 18
a sideboard

Julia
    $600 13
(Simone: What is the Ottoman Empire?)

the Holy Roman Empire

Simone
Triple Stumper
    $800 4
Smithfield

Julia
    $800 29
(Alex: And they have an award named for him. [*].)

Cy Young

Triple Stumper
    $800 9
Tony's bolognas

Triple Stumper
    $800 24
twine

Julia
    $800 22
(Julia: What is the Board of Trade?)

the Big Board

JuliaSimone
    $800 14
the Persian Empire

Triple Stumper
    $1000 5
paella

Julia
    $1000 30
(Greco-Roman) wrestling

Steve
    $1000 10
Dean's beans

Julia
    $2,400 25
Boeing

Julia
    $1000 23
a mortar board

Steve
    $1000 15
(Steve: What is the Ottoman Empire?)

the Byzantine Empire

JuliaSteve

Scores at the first commercial break (after clue 15):

Julia Simone Steve
$5,600 -$200 -$200

Scores at the end of the Jeopardy! Round:

Julia Simone Steve
$9,600 $800 $3,200

Double Jeopardy! Round responses

MAUI? WOWIE!
ADJECTIVES
SUPER-HEAR-O
ALL GONE
MISTER "E" CATEGORY
THE ATLANTIC
(Alex: Not the ocean--the magazine.)
    $400 26
the sun

Simone
    $400 6
Fantastic

Triple Stumper
    $400 11
Batman & Robin

Steve
    $400 1
an owl

Julia
    $400 16
Thomas Edison

Steve
    $400 21
Giuliani

Simone
    $800 27
volcanoes

Steve
    $800 7
shiftless

Simone
    $800 12
Captain America

Steve
    $800 2
a mongoose

Julia
    $800 17
Earp

Julia
    $2,200 22
Helen Keller

Simone
    $1200 28
a banyan

Julia
    $1200 8
(Simone: What is anthropomorphize?)

anthropomorphic

JuliaSimone
    $1200 13
Thor

Simone
    $1200 3
Tasmania

Julia
    $1200 18
John Edwards

Julia
    $1200 23
have it all

Julia
    $1600 29
(Captain) Cook

Steve
    $1600 9
natal

Simone
    $1600 14
(Simone: Who is "Superman"?)

"Kryptonite"

JuliaSimone
    $3,000 4
the Falklands

Julia
    $1600 19
Michael Eisner

Julia
    $1600 24
(Ralph Waldo) Emerson

Julia
    $2000 30
Kamehameha

Simone
    $2000 10
prosaic

Julia
    $2000 15
Magneto

Simone
    $2000 5
a mammoth

Steve
    $2000 20
Medgar Evers

Julia
    $2000 25
(Simone: Who was Tennyson?)

Byron

JuliaSimone

Scores at the end of the Double Jeopardy! Round:

Julia Simone Steve
$31,400 $6,600 $9,200
(lock game)

[wagering suggestions for these scores]

Final Jeopardy! Round responses

TITLE MOVIE ROLES
(Alex: [To Steve] "I'll be back.")
SimoneWho is... ?
$5,500
SteveWho is Terminator?
$5,800
JuliaWho is Indiana Jones?
$8,600
the Terminator

Final scores:

Julia Simone Steve
$22,800 $1,100 $15,000
16-day champion: $337,700 3rd place: $1,000 2nd place: $2,000

Game dynamics:

Coryat scores:

Julia Simone Steve
$28,600 $5,200 $9,200
29 R
(including 2 DDs),
1 W
11 R
(including 1 DD),
4 W
14 R,
1 W

Combined Coryat: $43,000

The J! Archive is created by fans, for fans. The Jeopardy! game show and all elements thereof, including but not limited to copyright and trademark thereto, are the property of Jeopardy Productions, Inc. and are protected under law. This website is not affiliated with, sponsored by, or operated by Jeopardy Productions, Inc. Join the discussion at JBoard.tv.